| 000 | 00437nam a22001337a 4500 | ||
|---|---|---|---|
| 082 |
_a625.8 _bDEP _cL-14, P-123 |
||
| 100 |
_aDeptt of the army technical manual _943753 |
||
| 245 |
_aPaving and sufracing opreations/ _cDeptt of the army technical manual |
||
| 260 |
_aAurora: _bHeadquarters department of the army, _c1966. |
||
| 300 |
_bill.; _c20 cm. |
||
| 526 |
_a0 _b0 _c0 _d625_800000000000000_DEP |
||
| 650 |
_aMCE _9379 |
||
| 942 |
_2ddc _cBK |
||
| 999 |
_c547576 _d547576 |
||